000 00624nam a2200217Ia 4500
005 20250508164419.0
008 008 250505s9999 xx 000 0 eng d
020 _a978-0-7619-3581-0
037 _aTextual
040 _aFEDL
_beng
_cFEDL
041 _aeng
_2eng
084 _a305.568, CHA
_qFEDL
100 _aChalam K S
245 0 _aCaste-based reservations and human development in india
260 _aLos Angeles
_bSage Publications
_c2007
300 _a210p.
365 _aINR
_b275
650 _aMinority-Employment-India
_9778058
942 _cTEXL
_h305.568, CHA
999 _c1389008
_d1389008